|
|
|
|
| LEADER |
00000nab a2200000 a 4500 |
| 001 |
vtls001020744 |
| 003 |
SK-MaSNL |
| 005 |
20260303200727.0 |
| 008 |
040720e19950408xo 0 slo |
| 035 |
|
|
|a SN6645
|
| 040 |
|
|
|a SNSK
|b slo
|c SNSK
|e AACR2
|
| 041 |
0 |
|
|a slo
|
| 044 |
|
|
|a xo
|c SK
|
| 080 |
|
|
|a 502-051
|2 1981
|
| 100 |
0 |
|
|a (eb)
|4 aut
|9 853933
|
| 245 |
1 |
0 |
|a Odvolali riaditeľa Národného parku Slovenský raj
|
| 610 |
2 |
7 |
|a Správa Národného parku Slovenský raj
|2 SNSK
|9 33835
|
| 650 |
0 |
7 |
|a vedúci pracovníci
|2 SNSK
|9 59720
|
| 650 |
0 |
7 |
|a odvolania
|2 SNSK
|9 1028576
|
| 651 |
|
7 |
|a Spišská Nová Ves (Slovensko)
|2 SNSK
|9 28800
|
| 655 |
|
7 |
|a periodikum
|2 snkbucl
|9 29553
|
| 710 |
2 |
|
|a Správa Národného parku Slovenský raj
|4 aut
|9 33835
|
| 773 |
0 |
8 |
|t Sme
|g Roč. 3, č.83, 8.4.1995, s. 2
|
| 852 |
|
|
|a ZVYKNI
|b KIS3GCP
|
| 999 |
|
|
|c 2169421
|d 2171351
|